000 00379nam a2200133Ia 4500
008 100122s9999 xx 000 0 und d
082 _b72558
_a910.4
100 _aकुंटे जगन्नाथ
245 _aनर्मदे हर हर
250 _a0
630 _aनर्मदे हर हर
730 _aनर्मदे हर हर
942 _cBOOK
999 _c388421
_d388418